Narrativas de padres de niños, niñas y adolescentes que han finalizado psicoterapia por agresiones sexuales : (Record no. 193256)
[ view plain ]
| 000 -CABECERA | |
|---|---|
| campo de control de longitud fija | 02300cab a2200313 ab4500 |
| 005 - FECHA Y HORA DE LA ÚLTIMA TRANSACCIÓN | |
| campo de control | 20240127063555.0 |
| 008 - ELEMENTOS DE LONGITUD FIJA--INFORMACIÓN GENERAL | |
| campo de control de longitud fija | 991125c2017 cl fr p o 000 0 spa d |
| 035 ## - NÚMERO DE CONTROL DEL SISTEMA | |
| Número de control de sistema | UPN01000221157 |
| 040 ## - FUENTE DE LA CATALOGACIÓN | |
| Centro catalogador/agencia de origen | MX-MxUPN |
| Lengua de catalogación | spa |
| Centro/agencia transcriptor | MX-MxUPN |
| Normas de descripción | aacr2 |
| 049 ## - COLECCIÓN | |
| Colección | ART-E |
| 100 1# - ASIENTO PRINCIPAL--NOMBRE PERSONAL | |
| Nombre de persona | Dussert, Denise |
| 100 1# - ASIENTO PRINCIPAL--NOMBRE PERSONAL | |
| Nombre de persona | Capella, Claudia |
| 100 1# - ASIENTO PRINCIPAL--NOMBRE PERSONAL | |
| Nombre de persona | ccapella@u.uchile.cl |
| 100 1# - ASIENTO PRINCIPAL--NOMBRE PERSONAL | |
| Nombre de persona | Lama, Ximena |
| 100 1# - ASIENTO PRINCIPAL--NOMBRE PERSONAL | |
| Nombre de persona | Gutiérrez, Carolina |
| 100 1# - ASIENTO PRINCIPAL--NOMBRE PERSONAL | |
| Nombre de persona | Aguila, Daniela |
| 245 10 - MENCIÓN DE TÍTULO | |
| Título | Narrativas de padres de niños, niñas y adolescentes que han finalizado psicoterapia por agresiones sexuales : |
| Resto del título | un proceso de superación conjunta |
| Medio | [recurso electrónico en línea] |
| 506 0# - NOTA DE RESTRICCIONES AL ACCESO | |
| Limitaciones de acceso | Acceso abierto |
| 520 3# - NOTA DE RESUMEN, ETC. | |
| Sumario, etc. | Este estudio tuvo como objetivo describir las narrativas de padres y figuras parentales en torno al proceso de superación de las agresiones sexuales vivenciado por sus hijos (víctimas directas) y por sí mismos (víctimas indirectas). Se utilizó el análisis narrativo de entrevistas en profundidad realizadas a una muestra intencionada de 18 padres y/o figuras parentales de niños/as y adolescentes, luego del alta de su proceso terapéutico por agresiones sexuales en 3 centros especializados en Santiago, Chile. Los resultados del estudio permiten visualizar la vivencia y significados asociados a la superación según la perspectiva de los participantes, así como los elementos que la favorecen, estableciendo, al mismo tiempo, las similitudes y diferencias que observan entre su propia experiencia de superación y la de sus hijos/as. Además, dan cuenta de la manera interrelacionada y conjunta en que este proceso se desarrolla en padres e hijos. Junto con ampliar el conocimiento teórico relativo al fenómeno de la superación, los resultados permiten relevar la importancia de ampliar los espacios terapéuticos disponibles actualmente en Chile para los padres de quienes han sido víctimas directas. Psykhe |
| 650 #7 - ASIENTO SECUNDARIO DE MATERIA - TERMINO TEMATICO | |
| 9 (RLIN) | 9240 |
| Término de materia o nombre geográfico como elemento de entrada | Abuso sexual |
| 650 #2 - ASIENTO SECUNDARIO DE MATERIA - TERMINO TEMATICO | |
| Término de materia o nombre geográfico como elemento de entrada | Víctimas de abuso sexual |
| 9 (RLIN) | 15853 |
| 653 0# - TERMINO DE INDIZACION - NO CONTROLADO | |
| Término no controlado | Proceso terapéutico |
| 653 0# - TERMINO DE INDIZACION - NO CONTROLADO | |
| Término no controlado | Resultados del tratamiento |
| 773 ## - ENLACE AL DOCUMENTO FUENTE/ENTRADA DE REGISTRO ANFITRIÓN | |
| Parte(s) relacionada(s) | Vol. 26, no. 1 (2017), p. 1-14 |
| Título | Psykhe |
| Número Internacional Normalizado para Publicaciones Seriadas | 0718-2228 |
| 856 4# - LOCALIZACIÓN Y ACCESO ELECTRÓNICOS | |
| Identificador Uniforme del Recurso | <a href="https://ojs.uc.cl/index.php/psykhe/article/view/19789">https://ojs.uc.cl/index.php/psykhe/article/view/19789</a> |
| 902 ## - ELEMENTOS DE DATOS B LOCAL, LDB (RLIN) | |
| Modificó | Leonor Sotres/260124 |
| 905 ## - TIPO DE MATERIAL | |
| Tipo de material | Articulo |
| 942 ## - ELEMENTOS DE PUNTO DE ACCESO ADICIONAL (KOHA) | |
| Fuente del sistema de clasificación o colocación | Library of Congress Classification |
| Tipo de ítem Koha | Artículo Electrónico |
| Estado de retiro | Estado de pérdida | Estado dañado | No para préstamo | Código de colección | Localización permanente | Ubicación/localización actual | Ubicación en estantería | Fecha de adquisición | Total de préstamos | Fecha visto por última vez | Identificador Uniforme del Recurso | Precio válido a partir de | Tipo de ítem Koha |
|---|---|---|---|---|---|---|---|---|---|---|---|---|---|
| Acceso abierto | Bib. Gregorio Torres Quintero | Bib. Gregorio Torres Quintero | En línea | 26/01/2024 | 26/01/2024 | https://ojs.uc.cl/index.php/psykhe/article/view/19789 | 26/01/2024 | Artículo Electrónico |
